Statistics for US Secession Quiz

Click here to take the quiz!

General Stats

  • This quiz has been taken 24 times
  • The average score is 12 of 14

Answer Stats

HintAnswer% Correct
Empire of which the United States broke away from in 1776British Empire
100%
Country from which Texas originally seceded fromMexico
100%
Support for this state's secession climbed to 44% after the presidential election of 2016California
94%
This state, formerly a kingdom, has high support for secessionHawaii
94%
The Compromise of 1820 included the partitioning of this state out of the control of MassachusettsMaine
94%
In 1863, this state broke away from VirginiaWest Virginia
94%
This state has the highest support for secession, but Kohlhaas v. State prevented a referendum in 2006Alaska
89%
Name for the group of states that left the union in 1860Confederate States of America
89%
State from which Kentucky was partitioned out of in 1789Virginia
89%
This former republic state saw a resurgence in support for independence in 2003Vermont
83%
Due to fishing regulations, the 'Northwest Angle' of this state nearly joined Canada in 1997Minnesota
78%
A 2009 speech by Rick Perry revived regional pride in this stateTexas
78%
65% of people voted for this borough to leave New York City's jurisdiction in 1993Staten Island
72%
Claiming Key West as its Capital, this 'republic' sarcasticaly declared its independence in 1982Conch Republic
61%

Score Distribution

Percentile by Number Answered

Percent of People with Each Score

Your Score History

You have not taken this quiz